| 000 | 00839cam6a220025300 4500 | ||
|---|---|---|---|
| 001 | lce00882753 | ||
| 008 | 731108s1973 nyu b 001 0beng | ||
| 010 | _a 73085995 | ||
| 020 |
_a0717803856 _a0717803864 (pbk.) |
||
| 020 |
_c _10.00 |
||
| 035 | _a(Sirsi) r80307 | ||
| 035 | _a(DLC) 73085995 | ||
| 035 | _a(UPRA)lce00882753 | ||
| 050 | 0 |
_aHX39.5 _b.F63 |
|
| 082 | _a335.4/092/4 | ||
| 100 | 1 |
_aFoner, Philip Sheldon, 1910- _dFoner, Philip Sheldon, 1910- _6A38638.1 |
|
| 245 | 1 | 0 |
_aWhen Karl Marx died; _bcomments in 1883. _cPhilip S. Foner, editor. |
| 250 | _a[1st ed.] | ||
| 260 |
_aNew York, _bInternational Publishers _c[1973] |
||
| 504 | _aIncludes bibliographical references. | ||
| 600 | 1 | 0 |
_aMarx, Karl, 1818-1883. _dMarx, Karl, 1818-1883. _6S2956.2 |
| 949 |
_aHX39.5 _wlcc _i-110829 _mMAIN _tBOOK _lON-SHELF |
||
| 004 | 80307 | ||
| 999 |
_c80609 _d80609 |
||